BIBLIOTECA

SENCICO

Fotogrametría práctica : Tutorial Photomodeler (Registro nro. 551)

Detalles MARC
000 -LEADER
fixed length control field 00563nam a2200229Ia 4500
005 - DATE AND TIME OF LATEST TRANSACTION
control field 20251020182441.0
008 - FIXED-LENGTH DATA ELEMENTS--GENERAL INFORMATION
fixed length control field 200515s9999 xx 000 0 und d
020 ## - INTERNATIONAL STANDARD BOOK NUMBER
International Standard Book Number 978-84-96920-93-4
082 ## - DEWEY DECIMAL CLASSIFICATION NUMBER
Classification number 528.77/C93
100 ## - MAIN ENTRY--PERSONAL NAME
Personal name Cueli López, Jorge Tomás
245 #0 - TITLE STATEMENT
Title Fotogrametría práctica : Tutorial Photomodeler
260 ## - PUBLICATION, DISTRIBUTION, ETC.
Place of publication, distribution, etc. Cantabria
260 ## - PUBLICATION, DISTRIBUTION, ETC.
Name of publisher, distributor, etc. TANTIN
260 ## - PUBLICATION, DISTRIBUTION, ETC.
Date of publication, distribution, etc. [s.a]
300 ## - PHYSICAL DESCRIPTION
Extent 355 p.
300 ## - PHYSICAL DESCRIPTION
Other physical details il., tbl., graf., col.
500 ## - GENERAL NOTE
General note 1 ejemplar
650 ## - SUBJECT ADDED ENTRY--TOPICAL TERM
Topical term or geographic name entry element FOTOGRAMETRIA
650 ## - SUBJECT ADDED ENTRY--TOPICAL TERM
Topical term or geographic name entry element PHOTOMODELER
942 ## - ADDED ENTRY ELEMENTS (KOHA)
Koha item type Libros
Existencias
Fecha de la última vez que lo usaron Pago total Signatura topográfica completa Código de barras Precio efectivo desde Tipo de documento Estado perdido Estado dañado No es para préstamo Retirado Ubicación permanente Ubicación actual Fecha de adquisición
15/05/2020   528.77/C93 Bib-Lima15050551 15/05/2020 Libros         Biblioteca Central Lima Biblioteca Central Lima 15/05/2020